| 000 | 01047 a2200241 4500 | ||
|---|---|---|---|
| 003 | Nust | ||
| 005 | 20230131113729.0 | ||
| 010 | _a 81008788 | ||
| 020 | _a0684171600 : | ||
| 040 | _cNust | ||
| 082 | 0 | 0 | _a808.83,LOU |
| 100 | 1 |
_aStevenson, Robert Louis, _946827 |
|
| 245 | 1 | 0 |
_aTreasure Island / _cRobert Louis Stevenson ; illustrated by A.M.Trotter |
| 260 |
_aNew York : _bScribner, _c1981. |
||
| 300 |
_axvi, 273 p., [13] leaves of plates : _bcol. ill. ; _c24 cm. |
||
| 505 | _aPart 1: The Old Buccaneer (Page-21), Part ii: The Sea Cook (Page-68), Part iii: My Shore Adventure (Page-111), Part iv: The Stockade (Page-134), Part v: My Sea Adventure (Page-176), Part vi: Captain Silver (Page-223). | ||
| 650 | 1 |
_aAdventure and adventurers _xFiction. _911666 |
|
| 650 | 1 |
_aBuried treasure _xFiction. _946828 |
|
| 650 | 1 |
_aPirates _xFiction. _946829 |
|
| 700 | 1 |
_aWyeth, N. C. _d1882-1945, _9108198 |
|
| 856 | 4 | 2 |
_3Contributor biographical information _uhttp://www.loc.gov/catdir/enhancements/fy0902/81008788-b.html |
| 942 |
_2ddc _cBK _k808.83,LOU |
||
| 999 |
_c186421 _d186421 |
||